000 01473nam a2200241Ia 4500
999 _c52196
_d52196
001 19204
003 GE_BSU
005 20210311154341.0
008 181216s2013||||ge |||||||||||||| ||geo||
040 _cGE_BSU
041 _ageo
080 _a94 ბ-24
082 _a
100 _aბაჟუნაიშვილი, ლაშა
_96081
245 _aრიჩარდ ნიქსონისა და ჯერალდ ფორდის რესპუბლიკური ადმინისტრაციების პოლიტიკა ირანის მიმართ.
_cლაშა ბაჟუნაიშვილი; მეცნ. ხელმძღვ. ი. გორგილაძე; ბათუმის შოთა რუსთაველის სახ-ფო უნ-ტი.
264 _aბათუმი :
_bბათუმის შოთა რუსთაველის სახ. უნ-ტი,
_c2013.
300 _a186 გვ.,
_b30 სმ.
653 _aდისერტაცია
653 _aისტორია
653 _aრიჩარდ ნიქსონისა და ჯერალდ ფორდის რესპუბლიკური ადმინისტრაციების პოლიტიკა ირანის მიმართ.
700 _aგორგილაძე, ი.
_eმეცნ. ხელმძღვვანელი
_910421
942 _cBK
_2udc